|
|
|
|
| LEADER |
00687cam a2200169 7i4500 |
| 001 |
0000030723 |
| 005 |
20150112090000.0 |
| 020 |
0 |
0 |
|a 9789881531902
|
| 090 |
0 |
0 |
|a ASIA 647.94025
|b ASI
|
| 245 |
0 |
0 |
|a Asia Horeca :
|b guide to hotel,restaurant & catering products & services :
|b guide to hotel,restaurant & catering products & services :
|b 2013/ 2014.
|
| 260 |
0 |
0 |
|a Hong Kong:
|b Marshall Cavendish Business Information,
|c 2013.
|
| 300 |
# |
# |
|a 628 p.
|
| 650 |
0 |
0 |
|a Hotels --
|x Directories --
|z Asia
|
| 650 |
0 |
0 |
|a Restaurants --
|x Directories --
|z Asia
|
| 650 |
0 |
0 |
|a Caterers and catering --
|x Directories --
|z Asia
|
| 651 |
0 |
0 |
|a Asia
|
| 999 |
|
|
|a 0000033516
|b Directories
|c Services
|e Business Information Centre
|